[Event "High League 2022 women"]
[Site "Obninsk"]
[Date "2022.06.30"]
[Round "5.13"]
[White "Ivanova, Anastasia S."]
[Black "Nur-Mukhametova, Alisa"]
[Result "1/2-1/2"]
[LiveChessVersion "1.4.7"]
[BlackElo "2172"]
[WhiteElo "1922"]

1. d4 {[%clk 1:30:59]} Nf6 {[%clk 1:30:51]} 2. c4 {[%clk 1:31:26]} e6
{[%clk 1:30:32]} 3. Nc3 {[%clk 1:31:49]} Bb4 {[%clk 1:30:30]} 4. Qc2
{[%clk 1:32:13]} d5 {[%clk 1:30:03]} 5. cxd5 {[%clk 1:31:02]} Qxd5
{[%clk 1:28:28]} 6. Nf3 {[%clk 1:17:47]} O-O {[%clk 1:22:14]} 7. Bd2
{[%clk 1:10:37]} Bxc3 {[%clk 1:20:37]} 8. Bxc3 {[%clk 1:10:26]} b6
{[%clk 1:12:51]} 9. e3 {[%clk 1:06:35]} Bb7 {[%clk 1:08:29]} 10. Bb4
{[%clk 1:03:03]} c5 {[%clk 1:00:28]} 11. dxc5 {[%clk 1:00:29]} Rc8
{[%clk 0:59:35]} 12. Rd1 {[%clk 0:53:47]} Qh5 {[%clk 0:51:08]} 13. cxb6
{[%clk 0:49:21]} Na6 {[%clk 0:44:49]} 14. Bc3 {[%clk 0:48:00]} axb6
{[%clk 0:41:27]} 15. Be2 {[%clk 0:38:33]} Bd5 {[%clk 0:35:28]} 16. Qb1
{[%clk 0:27:11]} Nc5 {[%clk 0:18:38]} 17. b3 {[%clk 0:17:16]} Qg6
{[%clk 0:16:09]} 18. Bxf6 {[%clk 0:05:41]} Qxf6 {[%clk 0:09:42]} 19. Rd4
{[%clk 0:02:56]} Ne4 {[%clk 0:05:39]} 20. O-O {[%clk 0:01:53]} Nc3
{[%clk 0:05:46]} 21. Qe1 {[%clk 0:02:17]} Rxa2 {[%clk 0:04:58]} 22. Bc4
{[%clk 0:02:13]} Bxc4 {[%clk 0:00:36]} 23. Qxc3 {[%clk 0:02:24]} Ba6
{[%clk 0:00:57]} 24. Rfd1 {[%clk 0:02:45]} h6 {[%clk 0:00:43]} 25. Qe1
{[%clk 0:01:52]} Rb2 {[%clk 0:00:34]} 26. Rb1 {[%clk 0:01:50]} Rcc2
{[%clk 0:00:35]} 27. Rd2 {[%clk 0:00:45]} Rxb1 {[%clk 0:00:37]} 28. Qxb1
{[%clk 0:01:11]} Rxd2 {[%clk 0:00:33]} 29. Nxd2 {[%clk 0:01:38]} Qc3
{[%clk 0:00:39]} 30. Ne4 {[%clk 0:01:36]} Qb4 {[%clk 0:00:43]} 31. h3
{[%clk 0:01:50]} Bb7 {[%clk 0:00:47]} 32. Ng3 {[%clk 0:02:16]} Bd5
{[%clk 0:00:53]} 33. Qc1 {[%clk 0:01:08]} Qxb3 {[%clk 0:00:49]} 34. Qc8+
{[%clk 0:01:29]} Kh7 {[%clk 0:01:18]} 35. Qf8 {[%clk 0:01:26]} Qb1+
{[%clk 0:00:33]} 36. Kh2 {[%clk 0:01:46]} Qg6 {[%clk 0:00:33]} 37. Qb4
{[%clk 0:02:07]} Qf6 {[%clk 0:00:45]} 38. e4 {[%clk 0:02:08]} Qf4
{[%clk 0:00:34]} 39. Qxb6 {[%clk 0:01:27]} Bxe4 {[%clk 0:00:52]} 40. Qb4
{[%clk 0:31:39]} f5 {[%clk 0:30:53]} 41. Kg1 {[%clk 0:27:43]} Qc1+
{[%clk 0:30:55]} 42. Kh2 {[%clk 0:28:06]} Qc7 {[%clk 0:27:04]} 43. Kg1
{[%clk 0:27:44]} Bb7 {[%clk 0:24:04]} 44. Qd2 {[%clk 0:23:19]} Qc6
{[%clk 0:21:59]} 45. f3 {[%clk 0:23:18]} Qc5+ {[%clk 0:20:44]} 46. Kh2
{[%clk 0:20:19]} Qc7 {[%clk 0:18:30]} 47. Qe1 {[%clk 0:19:54]} Bd5
{[%clk 0:18:25]} 48. Kh1 {[%clk 0:19:23]} Qf4 {[%clk 0:18:08]} 49. Nf1
{[%clk 0:15:45]} Qd4 {[%clk 0:10:21]} 50. Ng3 {[%clk 0:11:07]} Bc4
{[%clk 0:07:45]} 51. Qg1 {[%clk 0:05:04]} Qf4 {[%clk 0:03:27]} 52. Qc5
{[%clk 0:03:31]} Bd3 {[%clk 0:02:06]} 53. Qc3 {[%clk 0:02:40]} Qxg3
{[%clk 0:01:57]} 54. Qxd3 {[%clk 0:03:05]} Qf4 {[%clk 0:02:04]} 55. Qd7
{[%clk 0:01:31]} e5 {[%clk 0:01:48]} 56. Qc7 {[%clk 0:01:55]} Qg3
{[%clk 0:01:06]} 57. Qd6 {[%clk 0:01:00]} Qe1+ {[%clk 0:01:06]} 58. Kh2
{[%clk 0:01:28]} Qe3 {[%clk 0:01:13]} 59. Qe6 {[%clk 0:01:11]} Qf4+
{[%clk 0:01:28]} 60. g3 {[%clk 0:00:45]} Qxf3 {[%clk 0:00:48]} 61. Qxe5
{[%clk 0:01:12]} Qe4 {[%clk 0:01:06]} 62. Qb2 {[%clk 0:01:20]} h5
{[%clk 0:00:58]} 63. Qf2 {[%clk 0:01:27]} h4 {[%clk 0:00:33]} 64. g4
{[%clk 0:00:52]} Qe5+ {[%clk 0:00:34]} 65. Kh1 {[%clk 0:00:54]} Qd5+
{[%clk 0:00:42]} 66. Kh2 {[%clk 0:01:06]} Qd6+ {[%clk 0:00:53]} 67. Kg2
{[%clk 0:01:21]} Qc6+ {[%clk 0:00:50]} 68. Kh2 {[%clk 0:01:39]} Qc7+
{[%clk 0:01:06]} 69. Kg2 {[%clk 0:01:49]} Qc6+ {[%clk 0:01:13]} 70. Kh2
{[%clk 0:02:12]} Qd6+ {[%clk 0:01:42]} 71. Kg2 {[%clk 0:02:26]} Qd5+
{[%clk 0:01:42]} 72. Kh2 {[%clk 0:02:23]} Qe5+ {[%clk 0:01:53]} 73. Kg2
{[%clk 0:02:02]} Qe4+ {[%clk 0:01:59]} 74. Kh2 {[%clk 0:02:04]} fxg4
{[%clk 0:02:01]} 75. Qxh4+ {[%clk 0:02:24]} Kg8 {[%clk 0:02:17]} 76. Qxg4
{[%clk 0:01:51]} Qe5+ {[%clk 0:02:29]} 1/2-1/2

[Event "High League 2022 women"]
[Site "Obninsk"]
[Date "2022.06.30"]
[Round "5.14"]
[White "Semenova, Elena"]
[Black "Loskutova, Viktoriya"]
[Result "1-0"]
[LiveChessVersion "1.4.7"]
[BlackElo "2153"]
[WhiteElo "2296"]

1. e4 {[%clk 1:30:56]} c5 {[%clk 1:30:56]} 2. Nf3 {[%clk 1:31:12]} d6
{[%clk 1:31:21]} 3. Bb5+ {[%clk 1:31:15]} Nd7 {[%clk 1:31:44]} 4. O-O
{[%clk 1:31:21]} a6 {[%clk 1:32:07]} 5. Bd3 {[%clk 1:31:34]} Ngf6
{[%clk 1:32:30]} 6. Re1 {[%clk 1:31:43]} e6 {[%clk 1:32:49]} 7. c3
{[%clk 1:31:51]} b5 {[%clk 1:32:59]} 8. Bc2 {[%clk 1:31:48]} Bb7 {[%clk 1:33:22]}
9. d4 {[%clk 1:31:56]} Be7 {[%clk 1:33:32]} 10. Nbd2 {[%clk 1:32:02]} Qc7
{[%clk 1:33:27]} 11. Nf1 {[%clk 1:30:55]} O-O {[%clk 1:31:36]} 12. Ng3
{[%clk 1:26:43]} Rac8 {[%clk 1:27:23]} 13. Bd3 {[%clk 1:24:34]} Rfe8
{[%clk 1:24:27]} 14. b3 {[%clk 1:17:25]} Nf8 {[%clk 0:56:33]} 15. a4
{[%clk 1:07:07]} cxd4 {[%clk 0:44:37]} 16. cxd4 {[%clk 1:05:05]} Bc6
{[%clk 0:44:38]} 17. Bd2 {[%clk 0:57:47]} Qb7 {[%clk 0:44:02]} 18. Qe2
{[%clk 0:56:14]} Ng6 {[%clk 0:37:52]} 19. h4 {[%clk 0:48:25]} e5 {[%clk 0:28:47]}
20. Nf5 {[%clk 0:44:33]} Bf8 {[%clk 0:24:50]} 21. axb5 {[%clk 0:40:37]} axb5
{[%clk 0:24:17]} 22. d5 {[%clk 0:30:04]} Bxd5 {[%clk 0:17:14]} 23. exd5
{[%clk 0:19:28]} e4 {[%clk 0:17:39]} 24. Bxb5 {[%clk 0:16:18]} exf3
{[%clk 0:17:58]} 25. Qd3 {[%clk 0:15:33]} Ne5 {[%clk 0:16:20]} 26. Rxe5
{[%clk 0:13:38]} Rxe5 {[%clk 0:16:48]} 27. Bc6 {[%clk 0:13:05]} Rxc6
{[%clk 0:12:04]} 28. dxc6 {[%clk 0:13:24]} Qxc6 {[%clk 0:12:33]} 29. Bf4
{[%clk 0:07:42]} Re8 {[%clk 0:06:09]} 30. Qxf3 {[%clk 0:05:50]} Qxf3
{[%clk 0:06:19]} 31. gxf3 {[%clk 0:06:17]} d5 {[%clk 0:06:14]} 32. Ra5
{[%clk 0:02:40]} h6 {[%clk 0:05:54]} 33. Rb5 {[%clk 0:02:31]} Kh7
{[%clk 0:05:03]} 34. Be3 {[%clk 0:00:52]} Kg6 {[%clk 0:02:37]} 35. Nd4
{[%clk 0:01:10]} Ra8 {[%clk 0:01:55]} 36. b4 {[%clk 0:00:46]} Ra1+
{[%clk 0:01:54]} 37. Kg2 {[%clk 0:01:13]} Rb1 {[%clk 0:02:11]} 38. Nc6
{[%clk 0:01:20]} Kf5 {[%clk 0:02:23]} 39. Rb7 {[%clk 0:01:22]} Ke6
{[%clk 0:00:35]} 40. Nd4+ {[%clk 0:30:54]} Ke5 {[%clk 0:30:33]} 41. Nc6+
{[%clk 0:20:21]} Kd6 {[%clk 0:26:44]} 42. Nd8 {[%clk 0:14:29]} Ke5
{[%clk 0:16:30]} 43. b5 {[%clk 0:11:05]} Nh5 {[%clk 0:07:50]} 44. Rxf7
{[%clk 0:07:11]} d4 {[%clk 0:07:06]} 45. Nc6+ {[%clk 0:04:25]} Ke6
{[%clk 0:07:33]} 46. Rxf8 {[%clk 0:03:53]} dxe3 {[%clk 0:07:56]} 47. fxe3
{[%clk 0:03:13]} Rxb5 {[%clk 0:07:13]} 48. Nd4+ {[%clk 0:03:36]} Ke7
{[%clk 0:07:41]} 49. Nxb5 {[%clk 0:03:25]} Kxf8 {[%clk 0:08:09]} 50. Kh3
{[%clk 0:03:22]} Ke7 {[%clk 0:07:48]} 51. Kg4 {[%clk 0:03:14]} g6
{[%clk 0:08:10]} 52. e4 {[%clk 0:02:10]} Ke6 {[%clk 0:04:46]} 53. Nc7+
{[%clk 0:02:11]} Ke5 {[%clk 0:04:43]} 54. Nd5 {[%clk 0:02:06]} Kd4
{[%clk 0:04:16]} 55. Nf4 {[%clk 0:01:50]} Nf6+ {[%clk 0:04:38]} 56. Kg3
{[%clk 0:02:00]} Nxe4+ {[%clk 0:03:18]} 57. fxe4 {[%clk 0:02:24]} g5
{[%clk 0:02:30]} 58. Ne2+ {[%clk 0:02:16]} Kxe4 {[%clk 0:02:53]} 59. h5
{[%clk 0:02:40]} Kf5 {[%clk 0:02:14]} 60. Kh3 {[%clk 0:02:35]} Kf6
{[%clk 0:01:11]} 61. Kg4 {[%clk 0:03:01]} Kf7 {[%clk 0:01:19]} 62. Kf5
{[%clk 0:03:22]} Kg7 {[%clk 0:01:38]} 63. Nc3 {[%clk 0:03:26]} Kf7
{[%clk 0:01:22]} 64. Nd5 {[%clk 0:03:48]} g4 {[%clk 0:01:35]} 65. Kxg4
{[%clk 0:04:04]} Kg7 {[%clk 0:00:47]} 66. Kf5 {[%clk 0:04:29]} Kf7
{[%clk 0:00:44]} 67. Nf6 {[%clk 0:04:48]} Kg7 {[%clk 0:00:57]} 68. Ng4
{[%clk 0:05:13]} Kh7 {[%clk 0:01:20]} 69. Kf6 {[%clk 0:05:39]} Kh8
{[%clk 0:01:39]} 70. Kg6 {[%clk 0:06:01]} Kg8 {[%clk 0:02:03]} 71. Nxh6+
{[%clk 0:06:15]} 1-0

[Event "High League 2022 women"]
[Site "Obninsk"]
[Date "2022.06.30"]
[Round "5.15"]
[White "Tomilova, Elena"]
[Black "Afonasieva, Anna"]
[Result "1-0"]
[LiveChessVersion "1.4.7"]
[BlackElo "2232"]
[WhiteElo "2278"]

1. c4 {[%clk 1:23:09]} Nf6 {[%clk 1:30:35]} 2. Nc3 {[%clk 1:23:32]} d5
{[%clk 1:30:58]} 3. cxd5 {[%clk 1:23:57]} Nxd5 {[%clk 1:31:22]} 4. g3
{[%clk 1:24:23]} g6 {[%clk 1:28:59]} 5. Bg2 {[%clk 1:24:18]} Nb6 {[%clk 1:29:12]}
6. d3 {[%clk 1:24:34]} Bg7 {[%clk 1:28:40]} 7. Be3 {[%clk 1:24:55]} O-O
{[%clk 1:27:18]} 8. h4 {[%clk 1:24:08]} h5 {[%clk 1:24:58]} 9. Nf3
{[%clk 1:18:41]} Nc6 {[%clk 1:21:11]} 10. Qd2 {[%clk 1:18:00]} Be6
{[%clk 1:13:08]} 11. Bh6 {[%clk 1:16:04]} Nd5 {[%clk 0:50:08]} 12. Bxg7
{[%clk 1:13:33]} Kxg7 {[%clk 0:49:04]} 13. Ng5 {[%clk 1:13:34]} Qd6
{[%clk 0:43:32]} 14. Rc1 {[%clk 1:08:28]} Nd4 {[%clk 0:32:46]} 15. e3
{[%clk 1:02:29]} Nc6 {[%clk 0:28:05]} 16. a3 {[%clk 0:58:56]} Nf6
{[%clk 0:23:34]} 17. Nce4 {[%clk 0:52:23]} Nxe4 {[%clk 0:11:55]} 18. Nxe4
{[%clk 0:52:18]} Qd5 {[%clk 0:08:32]} 19. O-O {[%clk 0:47:02]} Qb5
{[%clk 0:07:34]} 20. Rc5 {[%clk 0:41:31]} Qb6 {[%clk 0:06:38]} 21. Qc3+
{[%clk 0:41:34]} Kg8 {[%clk 0:06:12]} 22. Ng5 {[%clk 0:40:19]} Bd7
{[%clk 0:06:20]} 23. d4 {[%clk 0:34:20]} Rac8 {[%clk 0:04:47]} 24. Rc1
{[%clk 0:33:43]} Nb8 {[%clk 0:04:10]} 25. Qc2 {[%clk 0:26:02]} Bf5
{[%clk 0:02:23]} 26. Rxf5 {[%clk 0:25:57]} gxf5 {[%clk 0:02:46]} 27. Qxf5
{[%clk 0:26:24]} Qg6 {[%clk 0:03:07]} 28. Qxg6+ {[%clk 0:26:22]} fxg6
{[%clk 0:03:31]} 29. Bxb7 {[%clk 0:26:39]} Rce8 {[%clk 0:03:11]} 30. Bd5+
{[%clk 0:25:49]} Kh8 {[%clk 0:03:29]} 31. Rxc7 {[%clk 0:25:36]} Rf6
{[%clk 0:02:50]} 32. Be6 {[%clk 0:24:20]} a5 {[%clk 0:02:31]} 33. e4
{[%clk 0:23:36]} a4 {[%clk 0:02:17]} 34. e5 {[%clk 0:22:41]} Rff8
{[%clk 0:02:41]} 35. Nf7+ {[%clk 0:21:46]} Kg7 {[%clk 0:03:02]} 36. Nd6
{[%clk 0:21:55]} Rd8 {[%clk 0:03:05]} 37. Rxe7+ {[%clk 0:22:17]} Kh8
{[%clk 0:03:30]} 38. d5 {[%clk 0:21:58]} Na6 {[%clk 0:02:46]} 39. Nf7+
{[%clk 0:22:05]} Rxf7 {[%clk 0:03:08]} 40. Bxf7 {[%clk 0:51:44]} Kg7
{[%clk 0:33:11]} 41. d6 {[%clk 0:51:15]} Nc5 {[%clk 0:33:22]} 42. Rc7
{[%clk 0:50:30]} Na6 {[%clk 0:33:00]} 43. Ra7 {[%clk 0:50:50]} Nc5
{[%clk 0:33:23]} 44. Bb3+ {[%clk 0:51:09]} 1-0

[Event "High League 2022 women"]
[Site "Obninsk"]
[Date "2022.06.30"]
[Round "5.16"]
[White "Borisova, Ekaterina"]
[Black "Shvedova, Alexandra"]
[Result "1/2-1/2"]
[LiveChessVersion "1.4.7"]
[BlackElo "2106"]
[WhiteElo "2233"]

1. d4 {[%clk 1:30:59]} d5 {[%clk 1:30:55]} 2. c4 {[%clk 1:31:25]} dxc4
{[%clk 1:31:14]} 3. Nf3 {[%clk 1:31:50]} Nf6 {[%clk 1:31:27]} 4. g3
{[%clk 1:32:11]} c5 {[%clk 1:31:19]} 5. Bg2 {[%clk 1:30:17]} Nc6 {[%clk 1:31:24]}
6. dxc5 {[%clk 1:19:41]} Qxd1+ {[%clk 1:26:38]} 7. Kxd1 {[%clk 1:20:08]} e5
{[%clk 1:26:25]} 8. Nfd2 {[%clk 1:18:00]} Be6 {[%clk 1:18:48]} 9. Na3
{[%clk 1:07:26]} Bxc5 {[%clk 1:15:28]} 10. Bxc6+ {[%clk 1:05:15]} bxc6
{[%clk 1:15:52]} 11. Naxc4 {[%clk 1:02:53]} Ng4 {[%clk 1:14:06]} 12. Kc2
{[%clk 1:01:10]} Nxf2 {[%clk 1:11:55]} 13. Rf1 {[%clk 1:01:32]} Bh3
{[%clk 0:56:12]} 14. Re1 {[%clk 1:01:50]} f6 {[%clk 0:55:21]} 15. a3
{[%clk 0:55:26]} Rd8 {[%clk 0:45:23]} 16. b4 {[%clk 0:55:07]} Bd4
{[%clk 0:43:47]} 17. Bb2 {[%clk 0:54:28]} Bf5+ {[%clk 0:40:50]} 18. Kb3
{[%clk 0:51:06]} Be6 {[%clk 0:39:14]} 19. Kc2 {[%clk 0:47:54]} O-O
{[%clk 0:36:26]} 20. Rac1 {[%clk 0:46:26]} Rd7 {[%clk 0:32:52]} 21. Bxd4
{[%clk 0:45:02]} Rxd4 {[%clk 0:32:43]} 22. Na5 {[%clk 0:45:14]} Bf5+
{[%clk 0:16:16]} 23. Kc3 {[%clk 0:45:03]} Ne4+ {[%clk 0:14:03]} 24. Nxe4
{[%clk 0:45:28]} Bxe4 {[%clk 0:14:30]} 25. Kb3 {[%clk 0:45:23]} Rc8
{[%clk 0:13:42]} 26. Rc5 {[%clk 0:41:32]} Rd2 {[%clk 0:12:26]} 27. Rec1
{[%clk 0:30:53]} Rxe2 {[%clk 0:10:38]} 28. Nxc6 {[%clk 0:31:18]} Rc7
{[%clk 0:09:27]} 29. b5 {[%clk 0:30:17]} Rxh2 {[%clk 0:07:38]} 30. a4
{[%clk 0:25:55]} Rg2 {[%clk 0:04:41]} 31. R1c3 {[%clk 0:25:14]} h5
{[%clk 0:04:33]} 32. a5 {[%clk 0:25:30]} Rg1 {[%clk 0:04:31]} 33. a6
{[%clk 0:17:27]} g5 {[%clk 0:03:15]} 34. Ka4 {[%clk 0:16:19]} h4 {[%clk 0:02:00]}
35. gxh4 {[%clk 0:16:36]} g4 {[%clk 0:02:26]} 36. Re3 {[%clk 0:16:56]} Ra1+
{[%clk 0:01:39]} 37. Kb4 {[%clk 0:17:21]} Rb1+ {[%clk 0:01:38]} 38. Ka5
{[%clk 0:17:38]} Ra1+ {[%clk 0:01:09]} 39. Kb4 {[%clk 0:18:05]} Rb1+
{[%clk 0:00:42]} 40. Ka5 {[%clk 0:48:30]} Ra1+ {[%clk 0:31:06]} 1/2-1/2

[Event "High League 2022 women"]
[Site "Obninsk"]
[Date "2022.06.30"]
[Round "5.17"]
[White "Getman, Tatyana"]
[Black "Izbekova, Evdokia"]
[Result "1-0"]
[LiveChessVersion "1.4.7"]
[BlackElo "1877"]
[WhiteElo "2148"]

1. d4 {[%clk 1:30:58]} d5 {[%clk 1:30:56]} 2. c4 {[%clk 1:31:20]} Bf5
{[%clk 1:31:22]} 3. cxd5 {[%clk 1:31:42]} Bxb1 {[%clk 1:31:44]} 4. Rxb1
{[%clk 1:32:06]} Qxd5 {[%clk 1:32:00]} 5. Nf3 {[%clk 1:31:32]} Nc6
{[%clk 1:27:57]} 6. e3 {[%clk 1:28:03]} Qxa2 {[%clk 1:16:01]} 7. Bd2
{[%clk 1:27:38]} Nf6 {[%clk 1:14:06]} 8. Qc2 {[%clk 1:22:45]} e6 {[%clk 1:09:34]}
9. Rc1 {[%clk 0:57:23]} Bb4 {[%clk 1:03:49]} 10. Bb5 {[%clk 0:53:48]} Bxd2+
{[%clk 1:02:24]} 11. Nxd2 {[%clk 0:53:29]} O-O {[%clk 0:56:23]} 12. Bxc6
{[%clk 0:51:52]} bxc6 {[%clk 0:56:49]} 13. O-O {[%clk 0:51:02]} Rab8
{[%clk 0:55:49]} 14. Nc4 {[%clk 0:48:35]} Rb4 {[%clk 0:39:40]} 15. Ne5
{[%clk 0:40:24]} Rxb2 {[%clk 0:35:23]} 16. Qxc6 {[%clk 0:40:41]} Nd5
{[%clk 0:22:31]} 17. Ra1 {[%clk 0:39:24]} Qb3 {[%clk 0:22:57]} 18. Rxa7
{[%clk 0:38:07]} Rc2 {[%clk 0:18:36]} 19. Qa6 {[%clk 0:33:26]} Nf6
{[%clk 0:12:51]} 20. Nd3 {[%clk 0:23:37]} h6 {[%clk 0:10:33]} 21. Ra8
{[%clk 0:20:26]} Qb6 {[%clk 0:09:37]} 22. Rxf8+ {[%clk 0:18:56]} Kxf8
{[%clk 0:10:00]} 23. Qa8+ {[%clk 0:18:25]} Ke7 {[%clk 0:10:08]} 24. Nc5
{[%clk 0:17:34]} Rc4 {[%clk 0:06:51]} 25. Nb7 {[%clk 0:15:30]} c6
{[%clk 0:04:37]} 26. Nc5 {[%clk 0:13:15]} Rb4 {[%clk 0:03:48]} 27. Qa3
{[%clk 0:10:06]} Ke8 {[%clk 0:03:17]} 28. Qa1 {[%clk 0:09:41]} Kf8
{[%clk 0:03:03]} 29. Nd3 {[%clk 0:09:16]} Rb5 {[%clk 0:03:09]} 30. Qa8+
{[%clk 0:08:19]} Ke7 {[%clk 0:03:37]} 31. Ne5 {[%clk 0:08:23]} Rb1
{[%clk 0:00:44]} 32. Qxc6 {[%clk 0:07:05]} Rxf1+ {[%clk 0:01:11]} 33. Kxf1
{[%clk 0:07:32]} Qxc6 {[%clk 0:01:30]} 34. Nxc6+ {[%clk 0:08:00]} Ke8
{[%clk 0:01:42]} 35. Ke2 {[%clk 0:08:15]} Ne4 {[%clk 0:01:14]} 36. f3
{[%clk 0:07:42]} Nd6 {[%clk 0:01:11]} 37. Kd3 {[%clk 0:06:31]} Kd7
{[%clk 0:01:26]} 38. Ne5+ {[%clk 0:06:56]} Ke7 {[%clk 0:01:53]} 39. Nc4
{[%clk 0:06:12]} Nb5 {[%clk 0:01:56]} 40. g4 {[%clk 0:33:13]} Kf6
{[%clk 0:31:10]} 41. h4 {[%clk 0:31:57]} g6 {[%clk 0:30:14]} 42. Nd2
{[%clk 0:31:04]} Ke7 {[%clk 0:28:45]} 43. Kc4 {[%clk 0:30:19]} Nc7
{[%clk 0:25:14]} 44. Kc5 {[%clk 0:25:03]} Nd5 {[%clk 0:22:39]} 45. e4
{[%clk 0:25:15]} Nf4 {[%clk 0:22:49]} 46. Kc6 {[%clk 0:22:35]} h5
{[%clk 0:21:24]} 47. gxh5 {[%clk 0:19:37]} gxh5 {[%clk 0:21:44]} 48. d5
{[%clk 0:19:37]} exd5 {[%clk 0:22:00]} 49. exd5 {[%clk 0:20:02]} Kd8
{[%clk 0:19:01]} 50. d6 {[%clk 0:17:24]} Ng6 {[%clk 0:19:24]} 51. Nc4
{[%clk 0:17:11]} f6 {[%clk 0:18:34]} 52. Na5 {[%clk 0:08:19]} Ne5+
{[%clk 0:18:20]} 53. Kd5 {[%clk 0:08:47]} Kd7 {[%clk 0:11:13]} 54. Nb3
{[%clk 0:08:01]} Nxf3 {[%clk 0:11:10]} 55. Nc5+ {[%clk 0:08:25]} Kd8
{[%clk 0:11:36]} 56. Ke6 {[%clk 0:07:47]} Ne5 {[%clk 0:11:24]} 57. d7
{[%clk 0:05:48]} Kc7 {[%clk 0:11:24]} 58. Ke7 {[%clk 0:06:02]} Nc6+
{[%clk 0:11:25]} 59. Ke8 {[%clk 0:06:30]} f5 {[%clk 0:10:15]} 60. Na6+
{[%clk 0:06:31]} 1-0

[Event "High League 2022 women"]
[Site "Obninsk"]
[Date "2022.06.30"]
[Round "5.18"]
[White "Satanovskaia, Evgeniia"]
[Black "Kuznetsova, Marina"]
[Result "1/2-1/2"]
[LiveChessVersion "1.4.7"]
[BlackElo "2043"]
[WhiteElo "1837"]

1. d4 {[%clk 1:30:58]} Nf6 {[%clk 1:30:55]} 2. c4 {[%clk 1:31:19]} e6
{[%clk 1:31:19]} 3. Nc3 {[%clk 1:31:40]} Bb4 {[%clk 1:31:42]} 4. e3
{[%clk 1:32:06]} O-O {[%clk 1:32:03]} 5. Nge2 {[%clk 1:32:18]} d5
{[%clk 1:32:20]} 6. a3 {[%clk 1:32:23]} Be7 {[%clk 1:32:42]} 7. cxd5
{[%clk 1:32:17]} exd5 {[%clk 1:33:05]} 8. Nf4 {[%clk 1:32:43]} c6
{[%clk 1:33:24]} 9. Bd3 {[%clk 1:32:46]} Bd6 {[%clk 1:33:29]} 10. O-O
{[%clk 1:32:11]} a5 {[%clk 1:33:36]} 11. f3 {[%clk 1:31:24]} Re8 {[%clk 1:31:31]}
12. Bc2 {[%clk 1:30:29]} Qc7 {[%clk 1:17:50]} 13. h4 {[%clk 1:16:05]} b5
{[%clk 0:58:15]} 14. Nce2 {[%clk 1:06:48]} Ba6 {[%clk 0:44:20]} 15. g4
{[%clk 1:02:44]} b4 {[%clk 0:38:50]} 16. g5 {[%clk 0:53:18]} Bxf4
{[%clk 0:31:07]} 17. Nxf4 {[%clk 0:52:30]} Bxf1 {[%clk 0:27:14]} 18. Qxf1
{[%clk 0:47:51]} Nfd7 {[%clk 0:24:16]} 19. axb4 {[%clk 0:45:36]} Na6
{[%clk 0:23:17]} 20. bxa5 {[%clk 0:30:51]} Nb4 {[%clk 0:21:20]} 21. Bf5
{[%clk 0:26:22]} g6 {[%clk 0:19:03]} 22. Bb1 {[%clk 0:20:52]} Rxa5
{[%clk 0:12:16]} 23. Ra3 {[%clk 0:20:15]} c5 {[%clk 0:10:06]} 24. Bd2
{[%clk 0:16:13]} Rxa3 {[%clk 0:04:34]} 25. bxa3 {[%clk 0:16:37]} Nc6
{[%clk 0:04:48]} 26. dxc5 {[%clk 0:12:31]} d4 {[%clk 0:04:09]} 27. e4
{[%clk 0:09:03]} Nxc5 {[%clk 0:03:40]} 28. Kg2 {[%clk 0:06:18]} Ne7
{[%clk 0:02:34]} 29. Ba2 {[%clk 0:05:46]} Nd7 {[%clk 0:02:21]} 30. Qd3
{[%clk 0:05:00]} Qb6 {[%clk 0:00:52]} 31. Bb4 {[%clk 0:02:53]} Ne5
{[%clk 0:01:03]} 32. Qb3 Rb8 {[%clk 0:00:45]} 33. Nd5 {[%clk 0:01:40]} Nxd5
{[%clk 0:00:57]} 34. Qxd5 {[%clk 0:02:00]} Qb5 {[%clk 0:01:05]} 35. Qxb5
{[%clk 0:00:34]} Rxb5 {[%clk 0:01:30]} 36. f4 {[%clk 0:00:34]} Nc6
{[%clk 0:01:00]} 37. Bc4 {[%clk 0:00:36]} Rb8 {[%clk 0:01:15]} 38. Bd6
{[%clk 0:00:33]} Rb2+ {[%clk 0:00:35]} 39. Kf3 {[%clk 0:00:43]} Rd2
{[%clk 0:00:33]} 40. e5 {[%clk 0:30:34]} Na5 {[%clk 0:30:33]} 41. Bd5
{[%clk 0:27:53]} Nb3 {[%clk 0:19:52]} 42. Bxb3 {[%clk 0:24:54]} Rd3+
{[%clk 0:20:15]} 43. Ke4 {[%clk 0:25:21]} Rxb3 {[%clk 0:20:39]} 44. Kxd4
{[%clk 0:25:44]} Rf3 {[%clk 0:19:40]} 45. Ke4 {[%clk 0:24:55]} Rf1
{[%clk 0:17:38]} 46. Bb4 {[%clk 0:22:49]} Rh1 {[%clk 0:15:21]} 47. Bc5
{[%clk 0:15:59]} Rxh4 {[%clk 0:09:45]} 48. a4 {[%clk 0:15:20]} Rh2
{[%clk 0:09:38]} 49. a5 {[%clk 0:14:51]} Ra2 {[%clk 0:10:01]} 50. Bb6
{[%clk 0:15:13]} Kf8 {[%clk 0:06:48]} 51. Kd5 {[%clk 0:15:22]} Ke7
{[%clk 0:07:12]} 52. Kc6 {[%clk 0:15:49]} Ke6 {[%clk 0:07:03]} 53. Kb7
{[%clk 0:10:18]} Kf5 {[%clk 0:05:39]} 54. Bc7 {[%clk 0:10:27]} Rb2+
{[%clk 0:01:18]} 55. Kc6 {[%clk 0:09:36]} Rc2+ {[%clk 0:01:24]} 56. Kd7
{[%clk 0:08:58]} Rc4 {[%clk 0:01:41]} 57. Kc8 {[%clk 0:02:57]} Ra4
{[%clk 0:01:31]} 58. Kb7 {[%clk 0:01:25]} Rxf4 {[%clk 0:01:02]} 59. Bd8
{[%clk 0:00:44]} Ra4 {[%clk 0:00:35]} 60. a6 {[%clk 0:01:01]} Kxe5
{[%clk 0:00:37]} 61. a7 {[%clk 0:00:45]} Kf5 {[%clk 0:00:38]} 62. a8=Q
{[%clk 0:00:44]} Rxa8 {[%clk 0:00:59]} 63. Kxa8 {[%clk 0:01:14]} Kg4
{[%clk 0:01:13]} 64. Kb7 {[%clk 0:01:23]} Kh5 {[%clk 0:01:36]} 65. Kc6
{[%clk 0:01:09]} h6 {[%clk 0:01:44]} 66. gxh6 {[%clk 0:01:12]} Kxh6
{[%clk 0:02:07]} 67. Kd5 {[%clk 0:00:51]} Kh5 {[%clk 0:02:08]} 68. Ke4 1/2-1/2